LEADER 01345nam a2200301 u 4500 001 000000069782 003 CaOOAMICUS 005 20070226121941.0 008 020419s1980 au u000 u ger u 020 $a3222112703 035 $a10927205 040 $aPUL(R)$bita 245 00$aRenaissance des Islams :$bweg zur Begegnung oder Konfrontation ? /$cHrsg. von Michael Fitzgerald, A. Th Khoury, W Wanzura. 260 $aGraz :$bStyria,$cc1980. 300 $a189 p. ;$c20 cm 490 1 $aIslam und westliche welt ;$vBand 4 504 $aBibliografia in nota. 650 4$aIslamismo$xCritica e interpretazione.$0(OLS)http://pul/subject/5701 700 1 $aFitzgerald, Michael,$csac.$0(OLS)http://pul/name/46404 700 1 $aWanzura W.$0(OLS)http://pul/name/46405 700 1 $aKhoury, Adel Théodore.$0(OLS)http://pul/name/37571 830 0$aIslam und westliche welt ;$vBand 4.$0(OLS)http://pul/title/92108 850 $aPUL 852 $aPUL$W1$xDP1 Cons. Gen., Altre Classi 1$y22$m780 I 64$j90345$nBK-PRI$b $qStampati$B90345$CPULBib$Z2$F90345 $H67307 $81 941 1 $a8 996 $6020$a3222112703$9(OLS)http://pul/number/90315 996 $6245$aRenaissance des Islams :$bweg zur Begegnung oder Konfrontation ?$9(OLS)http://pul/title/92107 996 $6260$aGraz :$bStyria$9(OLS)http://pul/publisher/50556 LEADER 01260nam a2200301 a 4500 001 000000120009 003 CaOOAMICUS 005 20180221115058.0 008 100215t2009 it ao u000 u ita r 020 $a978-88-7105-273-1 032 $aLibriCat 040 $aPUL$bita$dReb 245 03$aIl corpo del logos :$bpensiero estetico e teologia cristiana /$cPierangelo Sequeri (ed.) 260 $aMilano :$bGlossa,$c©2009. 300 $axii, 195 p. :$bill., fotog. ;$c21 cm. 490 1 $aAesthetica ;$v04 504 $aBibliografia in nota. 650 4$aEstetica.$0(OLS)http://pul/subject/224 650 4$aArte e religione.$0(OLS)http://pul/subject/22788 700 1 $aSequeri, Pierangelo,$csacerdote,$d1944-$0(OLS)http://pul/name/26510 830 0$aAesthetica (Glossa) ;$v04.$0(OLS)http://pul/title/205806 850 $aPUL 852 $aPUL$W1$xSL Religione 3$y85$m230. 1 SEQPI 1$j137655$qDDC 21$B136766$CPULBib$Z2$F136766 $H112746 $82 941 1 $a9 996 $6020$a978-88-7105-273-1$9(OLS)http://pul/number/143288 996 $6245$aIl corpo del logos :$bpensiero estetico e teologia cristiana$9(OLS)http://pul/title/150976 996 $6260$aMilano :$bGlossa$9(OLS)http://pul/publisher/53656